Statistiques concernant Unité de mesure... ou Pokémon?

Cliquez ici pour prendre le quiz!

Statistiques générales

  • Ce quiz a été pris 1 464 fois
  • Le résultat moyen est 18 sur 20

Statistiques - réponses

QuestionRéponse% Correct
KelvinUnité
99%
TarsalPokémon
97%
DynavoltPokémon
97%
PtéraPokémon
95%
YanmaPokémon
94%
SiemensUnité
94%
WeberUnité
94%
HeatranPokémon
93%
TerhalPokémon
93%
LumenUnité
92%
FaradUnité
91%
NeitramPokémon
89%
AnchwattPokémon
88%
BecquerelUnité
88%
SievertUnité
87%
LewsorPokémon
86%
KatagamiPokémon
83%
CandelaUnité
83%
KatalUnité
79%
StéradianUnité
78%

Distribution des résultats

Percentile par nombre de réponses

% des personnes avec chaque résultat

Votre développement - résultats

Vous n’avez pas pris ce quiz